000 01049nam0a22002531 4500
001 rc\1073205
005 20250622101347.0
035 _a(NLR Aleph) 006232942
090 _a6591449
_c6591449
100 _a20041129d1980 |||y0rusy50 ca
101 0 _arus
102 _aRU
105 _ay |||||||||
200 1 _aПовышение производительности труда - коренной вопрос экономической политики КПСС в условиях развитого социализма
210 _aМинск
_cО-во "Знание" БССР
_d1980
215 _a19 с.
_d21
225 1 _aМатериал в помощь лектору
_fПравл. о-ва "Знание" БССР, Науч.-метод. совет по пропаганде экон. знаний
320 _aБиблиогр.: с. 19 (9 назв.)
700 1 _aЩерба
_bС.В.
_gСтепан Васильевич
801 0 _aRU
_bNLR
_gpsbo
801 1 _aRU
_bELAR
_2rusmarc
852 _aNLR
_j81-4/15506
942 _cBOOK
980 _aNB